Normal view
MARC view
- ISLAM-BIOGRAPHY-SHAKSIAAT -WA-TASRAAT.MAKALLAT YOUSAFI
Entry Topical Term
001 - CONTROL NUMBER
- control field: 78845
003 - CONTROL NUMBER IDENTIFIER
- control field: NUST
005 - DATE AND TIME OF LATEST TRANSACTION
- control field: 20210628210303.0
008 - FIXED-LENGTH DATA ELEMENTS
- fixed length control field: 210628|| aca||aabn | a|a d
040 ## - CATALOGING SOURCE
- Original cataloging agency: NUST
- Transcribing agency: NUST
150 ## - HEADING--TOPICAL TERM
- Topical term or geographic name entry element: ISLAM-BIOGRAPHY-SHAKSIAAT -WA-TASRAAT.MAKALLAT YOUSAFI
670 ## - SOURCE DATA FOUND
- Source citation: Work cat.: (NUST): Ludhanvi, Maulana Muhammad Yousaf 78844, Shaksiaat -wa-tasraat,makallat yousafi, 2001
